Plastic and tribological properties of polytetrafluoroethylene (PTFE) under conditions of high pressure and shear; AIP Conference Proceedings; Vol. 1623 : International Conference on Physical Mesomechanics of Multilevel Systems 2014, Tomsk, Russia, 3–5 September 2014

Dades bibliogràfiques
Parent link:AIP Conference Proceedings
Vol. 1623 : International Conference on Physical Mesomechanics of Multilevel Systems 2014, Tomsk, Russia, 3–5 September 2014.— 2014.— [P. 607-610]
Autor principal: Starcevic J. Jasminka
Altres autors: Pohrt R. Roman, Popov V. L. Valentin
Sumari:Title screen
We investigate experimentally the behavior of a thin sheet of polytetrafluoroethylene between a steel plate and a cylindrical steel indenter under combined action of high normal force and torsion. Under these actions, the polytetrafluoroethylene layer is partially squeezed out of the contact area. The thickness of the remaining layer is studied as function of the applied normal force, the torsion angle, and the radius of the indenter. We suggest a simple semi-empirical material model which describes both the process of squeezing out of the layer and the force of friction produced by the layer.
Режим доступа: по договору с организацией-держателем ресурса
Idioma:anglès
Publicat: 2014
Matèries:
Accés en línia:http://dx.doi.org/10.1063/1.4899018
http://earchive.tpu.ru/handle/11683/35760
Format: Electrònic Capítol de llibre
KOHA link:https://koha.lib.tpu.ru/cgi-bin/koha/opac-detail.pl?biblionumber=641946

MARC

LEADER 00000nla2a2200000 4500
001 641946
005 20231101134206.0
035 |a (RuTPU)RU\TPU\network\6877 
035 |a RU\TPU\network\6866 
090 |a 641946 
100 |a 20150609a2014 k y0engy50 ba 
101 0 |a eng 
102 |a US 
105 |a y z 100zy 
135 |a drcn ---uucaa 
181 0 |a i  
182 0 |a b 
200 1 |a Plastic and tribological properties of polytetrafluoroethylene (PTFE) under conditions of high pressure and shear  |f J. Starcevic, R. Pohrt, V. L. Popov 
203 |a Text  |c electronic 
300 |a Title screen 
320 |a [References: p. 610 (10 tit.)] 
330 |a We investigate experimentally the behavior of a thin sheet of polytetrafluoroethylene between a steel plate and a cylindrical steel indenter under combined action of high normal force and torsion. Under these actions, the polytetrafluoroethylene layer is partially squeezed out of the contact area. The thickness of the remaining layer is studied as function of the applied normal force, the torsion angle, and the radius of the indenter. We suggest a simple semi-empirical material model which describes both the process of squeezing out of the layer and the force of friction produced by the layer. 
333 |a Режим доступа: по договору с организацией-держателем ресурса 
461 0 |0 (RuTPU)RU\TPU\network\4816  |t AIP Conference Proceedings 
463 0 |0 (RuTPU)RU\TPU\network\4814  |t Vol. 1623 : International Conference on Physical Mesomechanics of Multilevel Systems 2014, Tomsk, Russia, 3–5 September 2014  |o [proceedings]  |f National Research Tomsk Polytechnic University (TPU)  |v [P. 607-610]  |d 2014 
610 1 |a электронный ресурс 
610 1 |a труды учёных ТПУ 
610 1 |a трибологические свойства 
610 1 |a политетрафторэтилен 
610 1 |a ПТФЭ 
610 1 |a высокое давление 
610 1 |a сдвиги 
610 1 |a трение 
610 1 |a кручение 
610 1 |a стали 
700 1 |a Starcevic  |b J.  |g Jasminka 
701 1 |a Pohrt  |b R.  |g Roman 
701 1 |a Popov  |b V. L.  |g Valentin 
801 2 |a RU  |b 63413507  |c 20170109  |g RCR 
856 4 |u http://dx.doi.org/10.1063/1.4899018 
856 4 |u http://earchive.tpu.ru/handle/11683/35760 
942 |c CF